01622nam a2200325 a 4500001001000000003000900010005001700019007000300036008004100039040002500080082002400105100003700129245011400166260003700280300002700317500006300344500012500407590002800532650002800560650003100588700003700619700004000656910004100696942001400737952010900751952011500860952011500975952019101090999001501281000009988DO-SdBNP20240412074214.0ta091002e2000 dr a gr 000 pdspa d aDO-SdBNPbspacBNPHU 4aRD861.44bV732j2221 aVillegas, Víctor,d1924-9780010aJamás :bpoemas /cVíctor Villegas ; edición, Tomás Castro Burdiez; ilustración, Soucy de Pellerano aSanto Domingo :bCorripio,c2000 a76 p. :bil. ;c22 cm. aIncluye datos biográficos del autor en la contracubierta aLa ilustración de cubierta "La Muerte de Sócrates", cuadro de Jacobo Luis David, publicado en el Enciclopedia Barsa. aInventariado, 2019 / DG 0aPoesía dominicana966 0aLiteratura dominicana.9671 aPellerano, Soucy, deeil.983081 aCastro, Tomás,d1959-eed.924641 aValidado. Control de calidad MMOLINA 2ddccLBS1 00102ddc51708PDaBNPHUbBNPHUcHDd2009-10-02oRD861.44 V732jp9988-10r2020-06-25w2020-06-25yLBS1 00102ddc51708PDaBNPHUbBNPHUcHDd2009-10-06oRD861.44 V732jp9988-20r2020-06-25te. 2w2020-06-25yLBS1 00102ddc56708DSaBNPHUbBNPHUcHDd2015-02-19oRD861.44 V732jp9988-30r2020-06-25te. 3w2020-06-25yLBS1 00102ddc56708DSaBNPHUbBNPHUcHDd2021-11-02eDonado por Wilfredo AlmanioBNPHU DS RD861.44 V732jp2023-0721r2023-02-07te.4w2023-02-07yLBS1zEjemplar autografiado por el autor.  c9747d9747